| 000 | 00528nam a2200169 a 4500 | ||
|---|---|---|---|
| 001 | 5007 | ||
| 003 | CDMR | ||
| 005 | 20130313113735.0 | ||
| 008 | 130130s1997||||||||||||||||||||||||||||d | ||
| 020 | _a8488762909 | ||
| 040 |
_aCDMR _bcat _cCPC GIRONA |
||
| 245 | 0 | 3 |
_aLa ciutat històrica dins la ciutat _b: seminari sobre mètodes i experiències d'intervenció _cBruno Gabrielli... [et al.] |
| 260 |
_bAjuntament de Girona _aGirona |
||
| 260 | _bUniversitat de Girona | ||
| 260 |
_c1997 _bFundació “la Caixa” |
||
| 942 |
_cMON _2udc |
||
| 999 |
_c5007 _d5007 |
||